Cargando...
Public sector in India
| Autor principal: | |
|---|---|
| Formato: | Printed Book |
| Publicado: |
Jaipur
RBSA Publisher
1994
|
| Materias: |
| LEADER | 00397nam a22001217a 4500 | ||
|---|---|---|---|
| 082 | |a 338.7454 |b SIN.P | ||
| 100 | |a Singh, S K | ||
| 245 | |a Public sector in India | ||
| 260 | |a Jaipur |b RBSA Publisher |c 1994 | ||
| 650 | |a Business enterprises | ||
| 942 | |c BK | ||
| 999 | |c 11815 |d 11815 | ||
| 952 | |0 0 |1 0 |4 0 |6 338_745400000000000_SIN_P |7 0 |9 13933 |a CAMPUS |b CAMPUS |d 2017-07-18 |l 0 |o 338.7454 SIN.P |p 05597 |r 2017-07-18 |w 2017-07-18 |y BK | ||